[Event "Stay Safe Play From Home 358"]
[Site "Emanuel Lasker Arena"]
[Date "2020.08.05"]
[Round "2"]
[White "Trotsky"]
[Black "Gaurav306"]
[Result "0-1"]
[WhiteElo "1660"]
[BlackElo "1663"]
[Annotator "NA RC"]
[PlyCount "84"]
[EventDate "2020.08.05"]
[EventType "swiss (blitz)"]

1. d4 {[%emt 0:00:01]} d5 {[%emt 0:00:01]} 2. e3 {[%emt 0:00:00]} e6 {[%emt 0:00:00]} 3. c4 {[%emt 0:00:01]} Nf6 {[%emt 0:00:00]} 4. Nc3 {[%emt 0:00:01]} Be7 {[%emt 0:00:01]} 5. Nf3 {[%emt 0:00:01]} O-O {[%emt 0:00:00]} 6. Qc2 {[%emt 0:00:01]} Nbd7 {[%emt 0:00:01]} 7. c5 {[%emt 0:00:00]} c6 {[%emt 0:00:02]} 8. Bd3 {[%emt 0:00:01]} h6 {[%emt 0:00:02]} 9. h4 {[%emt 0:00:01]} e5 {[%emt 0:00:01]} 10. Ng5 {[%emt 0:00:01]} e4 {[%emt 0:00:03]} 11. Ncxe4 {[%emt 0:00:01]} dxe4 {[%emt 0:00:01]} 12. Bxe4 {[%emt 0:00:01]} Nxe4 {[%emt 0:00:01]} 13. Qxe4 {[%emt 0:00:01]} Nf6 {[%emt 0:00:02]} 14. Qd3 {[%emt 0:00:02]} Qd5 {[%emt 0:00:02]} 15. f3 {[%emt 0:00:01]} Bxc5 {[%emt 0:00:02]} 16. Bd2 {[%emt 0:00:02]} Re8 {[%emt 0:00:03]} 17. O-O-O {[%emt 0:00:01]} Bf8 {[%emt 0:00:03]} 18. Bc3 {[%emt 0:00:01]} Qxa2 {[%emt 0:00:01]} 19. d5 {[%emt 0:00:02]} Qxd5 {[%emt 0:00:02]} 20. Qc2 {[%emt 0:00:02]} Qb5 {[%emt 0:00:03]} 21. Bxf6 {[%emt 0:00:01]} g6 {[%emt 0:00:04]} 22. h5 {[%emt 0:00:02]} Bf5 {[%emt 0:00:03]} 23. e4 {[%emt 0:00:01]} Be6 {[%emt 0:00:03]} 24. hxg6 {[%emt 0:00:01]} Bb3 {[%emt 0:00:03]} 25. gxf7+ {[%emt 0:00:06]} Bxf7 {[%emt 0:00:04]} 26. Nxf7 {[%emt 0:00:04]} Kxf7 {[%emt 0:00:00]} 27. e5 {[%emt 0:00:01]} Qc5 {[%emt 0:00:01]} 28. Qxc5 {[%emt 0:00:02]} Bxc5 {[%emt 0:00:00]} 29. e6+ {[%emt 0:00:03]} Kxf6 {[%emt 0:00:02]} 30. Rxh6+ {[%emt 0:00:01]} Kg7 {[%emt 0:00:00]} 31. Rh5 {[%emt 0:00:02]} Rxe6 {[%emt 0:00:01]} 32. Rdh1 {[%emt 0:00:01]} Rae8 {[%emt 0:00:00]} 33. Rh7+ {[%emt 0:00:01]} Kf6 {[%emt 0:00:01]} 34. R1h6+ {[%emt 0:00:02]} Ke5 {[%emt 0:00:00]} 35. Rh5+ {[%emt 0:00:01]} Kd4 {[%emt 0:00:01]} 36. Rh4+ {[%emt 0:00:01]} Ke3 {[%emt 0:00:01]} 37. f4 {[%emt 0:00:03]} Kf2 {[%emt 0:00:00]} 38. Rh1 {[%emt 0:00:02]} Re1+ {[%emt 0:00:00]} 39. Rxe1 {[%emt 0:00:01]} Rxe1+ {[%emt 0:00:00]} 40. Kd2 {[%emt 0:00:01]} Re2+ {[%emt 0:00:00]} 41. Kc3 {[%emt 0:00:01]} Bb4+ {[%emt 0:00:00]} 42. Kxb4 {[%emt 0:00:01]} Rxb2+ {[%emt 0:00:00] Âðåìÿ Âðåìÿ Âðåìÿ Âðåìÿ Âðåìÿ (Lag: Av=0.47s, max=1.0s) (Lag: Av=0.47s, max=1.0s) (Lag: Av=0.47s, max=1.0s) (Lag: Av=0.47s, max=1.0s) (Lag: Av=0.47s, max=1.0s) ' ' ' ' '} 0-1

[Event "Stay Safe Play From Home 358"]
[Site "Emanuel Lasker Arena"]
[Date "2020.08.05"]
[Round "3"]
[White "Gokerkan"]
[Black "Tolka"]
[Result "0-1"]
[WhiteElo "2583"]
[BlackElo "2270"]
[Annotator "TA"]
[PlyCount "134"]
[EventDate "2020.08.05"]
[EventType "swiss (blitz)"]

{[%evp 21,133,56,58,0,28,15,32,29,35,-3,27,0,0,0,0,0,0,-40,0,-28,-10,-11,-3,-43,-39,-102,-109,-92,-104,-104,-104,-198,-150,-157,-163,-305,-305,-293,-302,-499,-489,-868,-868,-1015,-963,-941,-812,-761,-741,-1164,-1115,-1937,-1669,-29972,-29973,-29986,-29987,-29987,-29988,-29988,-29989,-29989,-29990,-29990,-29991,-29994,-29991,-29991,-29992,-29992,-29991,-29991,-29990,-29990,-29991,-29991,-29990,-29990,-29991,-29991,-29991,-29992,-29993,-29993,-29992,-29992,-29993,-29993,-29994,-29994,-29994,-29994,-29994,-29994,-29995,-29995,-29995,-29996,-29995,-29995,-29996,-29996,-29996,-29997,-29996,-29997,-29997,-29997,-29997,-29997,-29998,-29998,-29999,-29999]} 1. e4 d6 2. d4 Nf6 3. Nc3 e5 4. dxe5 dxe5 5. Qxd8+ Kxd8 6. Bc4 Be6 7. Bxe6 fxe6 8. Nge2 Bd6 9. f3 Ke7 10. Be3 Nc6 11. O-O-O a6 {[#]} 12. g4 $146 {B07: Pirc Defence: Miscellaneous Systems.} (12. Kb1 $14) ({Predecessor:} 12. Rd3 Nh5 13. Rhd1 Nf4 14. Nxf4 exf4 15. Bf2 Ne5 16. R3d2 Nc4 17. Rd3 Ne5 18. Rd4 g5 19. R4d2 Nc4 20. Rd3 Ne5 21. R3d2 Nc4 22. Rd3 {½-½ (22) Corrales Jimenez,F (2574)-Almeida Quintana,O (2559) Badalona 2010}) 12... Rad8 13. h4 h6 14. h5 {White is slightly better.} Rhf8 15. Rdg1 Nd7 16. g5 Bc5 17. Bxc5+ Nxc5 18. gxh6 gxh6 19. Rg6 Rf6 20. Rhg1 Rdf8 21. Rxf6 Rxf6 22. Rg7+ (22. Rg3 {looks sharper.} Nd4 23. b4 Nd7 24. Nxd4 exd4 25. Ne2) 22... Rf7 23. Rxf7+ (23. Rg3 $1 $15) 23... Kxf7 $15 {[%mdl 4096] Endgame KNN-KNN} 24. Kd2 Kf6 25. Ke3 Kg5 26. f4+ (26. Nd1 $17) 26... Kxh5 27. fxe5 Kg5 ({Don't do} 27... Nxe5 28. b4 $15) 28. Nd4 {[#]} (28. Ng1 $142) 28... Nxd4 $1 $19 ({Inferior is} 28... Nxe5 29. b4 $15) 29. Kxd4 {KN-KN} Nd7 30. Nd1 $2 (30. Ne2) 30... Kf4 31. Nf2 (31. Kd3 $142 Nxe5+ 32. Ke2) 31... c5+ 32. Kc4 b5+ 33. Kd3 Nxe5+ 34. Ke2 h5 35. c3 h4 36. b4 c4 37. a3 Kg3 {Black mates.} 38. Ke3 Ng4+ 39. Nxg4 Kxg4 {KP-KP} 40. Kd4 h3 41. Ke5 h2 42. Kxe6 h1=Q 43. e5 {[#]} Qc1 $1 44. Kd5 Qxc3 45. e6 Qxa3 46. e7 Qd3+ 47. Kc6 Qe4+ 48. Kd7 {[#]} Qxe7+ $1 {[%mdl 64] Promotion} 49. Kxe7 {KP-KP} c3 50. Kd6 c2 51. Kc5 c1=Q+ 52. Kb6 Qa3 53. Kc5 Kf5 54. Kb6 Ke4 55. Kc6 Kd4 56. Kb6 Kc4 57. Kc6 Qxb4 58. Kb7 a5 59. Kc6 a4 60. Kb7 Qc5 61. Ka6 b4 62. Kb7 b3 63. Ka6 a3 64. Kb7 b2 65. Ka6 a2 66. Kb7 b1=Q+ 67. Ka8 a1=Q# {Accuracy: White = 34%, Black = 84%.} 0-1

[Event "Stay Safe Play From Home 358"]
[Site "Emanuel Lasker Arena"]
[Date "2020.08.05"]
[Round "3"]
[White "BrainThinker22"]
[Black "SoulofWolf"]
[Result "1-0"]
[WhiteElo "2400"]
[BlackElo "2194"]
[Annotator "NA RC"]
[PlyCount "153"]
[EventDate "2020.08.05"]
[EventType "swiss (blitz)"]

1. e4 {[%emt 0:00:01]} d5 {[%emt 0:00:00]} 2. exd5 {[%emt 0:00:01]} Nf6 {[%emt 0:00:00]} 3. Nf3 {[%emt 0:00:00]} Nxd5 {[%emt 0:00:00]} 4. Be2 {[%emt 0:00:00]} c6 {[%emt 0:00:00]} 5. O-O {[%emt 0:00:01]} g6 {[%emt 0:00:00]} 6. d4 {[%emt 0:00:00]} Nf6 {[%emt 0:00:00]} 7. c4 {[%emt 0:00:00]} Bg7 {[%emt 0:00:00]} 8. Nc3 {[%emt 0:00:00]} O-O {[%emt 0:00:00]} 9. h3 {[%emt 0:00:00]} Nbd7 {[%emt 0:00:01]} 10. Re1 {[%emt 0:00:00]} Qc7 {[%emt 0:00:00]} 11. Bg5 {[%emt 0:00:01]} h6 {[%emt 0:00:01]} 12. Bh4 {[%emt 0:00:01]} Re8 {[%emt 0:00:01]} 13. Bg3 {[%emt 0:00:00]} Qb6 {[%emt 0:00:00]} 14. b3 {[%emt 0:00:01]} Nh5 {[%emt 0:00:02]} 15. Bh2 {[%emt 0:00:00]} f5 {[%emt 0:00:00]} 16. Ne5 {[%emt 0:00:01]} Nxe5 {[%emt 0:00:02]} 17. dxe5 {[%emt 0:00:00]} Qc5 {[%emt 0:00:10]} 18. Bxh5 {[%emt 0:00:02]} gxh5 {[%emt 0:00:00]} 19. Qxh5 {[%emt 0:00:00]} Be6 {[%emt 0:00:05]} 20. Rad1 {[%emt 0:00:06]} a6 {[%emt 0:00:01]} 21. Qg6 {[%emt 0:00:02]} Bf7 {[%emt 0:00:06]} 22. Qxf5 {[%emt 0:00:01]} Rf8 {[%emt 0:00:00]} 23. Ne4 {[%emt 0:00:05]} Qb4 {[%emt 0:00:06]} 24. Qg4 {[%emt 0:00:02]} Kh8 {[%emt 0:00:01]} 25. e6 {[%emt 0:00:02]} Be8 {[%emt 0:00:02]} 26. Ng3 {[%emt 0:00:06]} Qa5 {[%emt 0:00:01]} 27. Rf1 {[%emt 0:00:05]} Rf6 {[%emt 0:00:01]} 28. Rde1 {[%emt 0:00:02]} Rg6 {[%emt 0:00:00]} 29. Qf3 {[%emt 0:00:01]} Qg5 {[%emt 0:00:01]} 30. Nf5 {[%emt 0:00:02]} Rf6 {[%emt 0:00:01]} 31. g4 {[%emt 0:00:01]} h5 {[%emt 0:00:00]} 32. Qf4 {[%emt 0:00:00]} Qg6 {[%emt 0:00:01]} 33. f3 {[%emt 0:00:02]} Bh6 {[%emt 0:00:01]} 34. Qg3 {[%emt 0:00:01]} Bg7 {[%emt 0:00:01]} 35. Qg2 {[%emt 0:00:01]} c5 {[%emt 0:00:02]} 36. gxh5 {[%emt 0:00:01]} Qxf5 {[%emt 0:00:03]} 37. Qg4 {[%emt 0:00:01]} Qh7 {[%emt 0:00:01]} 38. Be5 {[%emt 0:00:01]} Bxh5 {[%emt 0:00:01]} 39. Bxf6 {[%emt 0:00:02]} Bxg4 {[%emt 0:00:00]} 40. Bxg7+ {[%emt 0:00:00]} Qxg7 {[%emt 0:00:00]} 41. fxg4 {[%emt 0:00:00]} Rg8 {[%emt 0:00:00]} 42. Rf4 {[%emt 0:00:01]} Qh6 {[%emt 0:00:00]} 43. Ref1 {[%emt 0:00:00]} Rg7 {[%emt 0:00:00]} 44. R4f3 {[%emt 0:00:01]} Kh7 {[%emt 0:00:00]} 45. Rf8 {[%emt 0:00:00]} Qg6 {[%emt 0:00:00]} 46. R8f7 {[%emt 0:00:00]} Qd3 {[%emt 0:00:00]} 47. Rxg7+ {[%emt 0:00:01]} Kxg7 {[%emt 0:00:00]} 48. Rf2 {[%emt 0:00:00]} Qd4 {[%emt 0:00:00]} 49. Kg2 {[%emt 0:00:00]} Kg6 {[%emt 0:00:00]} 50. Rf3 {[%emt 0:00:00]} Kg5 {[%emt 0:00:00]} 51. Kg3 {[%emt 0:00:00]} Qd6+ {[%emt 0:00:01]} 52. Rf4 {[%emt 0:00:00]} Qd4 {[%emt 0:00:00]} 53. Rf3 {[%emt 0:00:00]} Qd3 {[%emt 0:00:00]} 54. Rxd3 {[%emt 0:00:01]} Kg6 {[%emt 0:00:00]} 55. Rd4 {[%emt 0:00:00]} b6 {[%emt 0:00:00]} 56. Rd5 {[%emt 0:00:00]} b5 {[%emt 0:00:00]} 57. Rg5+ {[%emt 0:00:00]} Kf6 {[%emt 0:00:00]} 58. h4 {[%emt 0:00:00]} Kxe6 {[%emt 0:00:00]} 59. Rf5 {[%emt 0:00:00]} bxc4 {[%emt 0:00:00]} 60. Rf3 {[%emt 0:00:00]} cxb3 {[%emt 0:00:00]} 61. Re3+ {[%emt 0:00:00]} Kd6 {[%emt 0:00:00]} 62. Rxb3 {[%emt 0:00:00]} e6 {[%emt 0:00:00]} 63. Rc3 {[%emt 0:00:00]} e5 {[%emt 0:00:00]} 64. Rc2 {[%emt 0:00:00]} Kd5 {[%emt 0:00:00]} 65. Rd2+ {[%emt 0:00:00]} Kc6 {[%emt 0:00:01]} 66. Rd1 {[%emt 0:00:00]} e4 {[%emt 0:00:00]} 67. Re1 {[%emt 0:00:00]} e3 {[%emt 0:00:00]} 68. g5 {[%emt 0:00:00]} Kb5 {[%emt 0:00:00]} 69. g6 {[%emt 0:00:00]} c4 {[%emt 0:00:00]} 70. g7 {[%emt 0:00:00]} Kb4 {[%emt 0:00:00]} 71. g8=Q {[%emt 0:00:00]} Kc3 {[%emt 0:00:00]} 72. Qf8 {[%emt 0:00:01]} Kb2 {[%emt 0:00:00]} 73. Qf7 {[%emt 0:00:00]} c3 {[%emt 0:00:00]} 74. Qf6 {[%emt 0:00:00]} Ka3 {[%emt 0:00:01]} 75. Qf5 {[%emt 0:00:00]} Kb2 {[%emt 0:00:00] ' ' ' ' '} 76. Qf4 {[%emt 0:00:00]} c2 {[%emt 0:00:00]} 77. Qxe3 {[%emt 0:00:00] . . . . . Czas Czas Czas Czas Czas (Lag: Av=0.37s, max=0.9s) (Lag: Av=0.37s, max=0.9s) (Lag: Av=0.37s, max=0.9s) (Lag: Av=0.37s, max=0.9s) (Lag: Av=0.37s, max=0.9s)} 1-0

[Event "Stay Safe Play From Home 358"]
[Site "Emanuel Lasker Arena"]
[Date "2020.08.05"]
[Round "3"]
[White "AChessPlayer"]
[Black "Lamborghini"]
[Result "1-0"]
[WhiteElo "2397"]
[BlackElo "2280"]
[Annotator "TA"]
[PlyCount "143"]
[EventDate "2020.08.05"]
[EventType "swiss (blitz)"]

{[%evp 12,143,18,10,28,21,21,12,73,81,102,94,95,95,164,154,170,155,181,136,178,193,172,139,187,170,143,-23,-9,-14,-16,-50,-34,-37,-14,-18,627,-42,-18,-26,-27,-172,-185,-179,-178,-197,-193,-191,160,-476,-368,-352,-348,-329,-336,-245,103,82,515,519,483,299,283,288,312,276,282,277,256,11,50,0,16,11,17,0,0,0,0,0,0,0,0,0,0,0,0,0,0,0,0,0,8,-7,0,-8,-6,-8,-8,-8,11,-369,11,-368,-8,-8,-8,-29986,-562,-2061,0,0,11,0,11,11,11,11,11,11,12,11,12,11,12,11,12,0,11,11,11,0,20,0]} 1. Nf3 Nf6 2. g3 g6 3. Bg2 Bg7 4. O-O O-O 5. d3 c6 6. Nbd2 d5 7. e4 e6 {A07: Réti Opening: New York and Capablanca Systems.} 8. e5 Nfd7 9. d4 Na6 (9... c5 $11 {remains equal.}) 10. c3 $16 {[#]} Nc7 $146 ({Predecessor:} 10... c5 11. a3 b6 12. Re1 Rb8 13. Nf1 Bb7 14. Bg5 Qc8 15. Qd2 f6 16. exf6 Nxf6 {1-0 (28) Kolev,V (1933)-Berberyan,M Sofia 2010}) 11. Re1 b6 12. h4 h6 (12... c5 $16) 13. Nf1 $18 a5 14. Bf4 Kh7 15. Qd2 Ba6 16. N1h2 c5 17. Ng4 {[%cal Rf4h6]} h5 18. Ng5+ Kg8 19. Nf6+ $2 (19. Ne3 $16) 19... Nxf6 $11 20. exf6 Bxf6 21. Nf3 cxd4 22. cxd4 Rc8 23. Be5 Nb5 $2 {[%mdl 8192] [#]} (23... Bg7 $11) 24. Qf4 $2 ({White has to play} 24. Qh6 $1 $18 {[%mdl 512]} Qe7 25. Ng5) 24... Bg7 25. Bxg7 Kxg7 26. g4 (26. Bf1 $1 $11) 26... hxg4 $19 27. Qxg4 Nd6 $1 28. Ne5 Nf5 29. h5 {[%cal Rh5g6]} Rh8 $2 {[#]} (29... Qh4 $19 {aiming for ...Qxg4.} 30. Qxh4 Nxh4 31. hxg6 Nxg6) 30. hxg6 $2 (30. Nxf7 $1 $16 {[%mdl 512] is necessary to keep the advantage.} Qf6 (30... Kxf7 31. Qxg6+) 31. Nxh8 Rxh8 32. Rac1 Rxh5 33. Rc7+ Kf8 34. Ra7) 30... f6 31. Nf7 {[#]} Qc7 $1 {[%csl Gh8][%cal Rc7h2][%mdl 512]} 32. Nxh8 Rxh8 {[%csl Gh8][%cal Rc7h2]} 33. f4 Qc2 $2 {[#]} (33... Rh4 $1 $19 {[%cal Rh4g4]} 34. Rac1 Bc4) 34. Rac1 $1 $16 {[%cal Ba1c1,Bc1c2,Bc2c7][%mdl 32]} ({Of course not} 34. Rxe6 Rh6 $11) 34... Ne3 $2 {[%mdl 8192]} (34... Qd2 $16 35. Rcd1 Qc2) 35. Rxc2 $18 {Threatening mate with Rc7+.} Nxg4 36. Rc7+ Kxg6 37. Rxe6 Bc4 38. Bf3 ({Resist} 38. Rxb6 Bxa2 39. b3 Kf5 $18) 38... Kf5 39. Bxg4+ Kxg4 {[%mdl 4096] Endgame KRR-KRB} 40. Re3 $2 ({Don't take} 40. Rxb6 $6 f5 $16) (40. Rxf6 $18 Kf3 41. f5) 40... Kxf4 41. Rc3 Rg8+ 42. Kf2 {Black must now prevent Re7.} Ke4 43. b3 Kxd4 44. Rf3 Bd3 45. Rxf6 Be4 46. Rxb6 Rg2+ 47. Kf1 Rxa2 48. Rc1 Ke3 49. Re1+ Kd4 50. Rf6 Rb2 51. Rf2 Rxb3 52. Rd1+ Ke5 53. Rc1 a4 54. Ke1 a3 55. Ra1 Kd4 56. Rd2+ $2 {[%mdl 8192]} (56. Rfa2 $11 {and White is okay.}) 56... Bd3 $2 (56... Kc4 $19 {And now ...Rb1+ would win.} 57. Rf2 Rh3 58. Rc1+ Kb3) 57. Kf2 $2 {[%mdl 8192]} (57. Rda2 $1 $11) 57... Rb2 $2 ({Black should try} 57... Kc3 $19 58. Ke1 Bc4) 58. Ke1 $11 Ke3 {[#]} 59. Rdd1 $2 {[%mdl 8192]} (59. Rxd3+ $1 $11 {[%mdl 512]} Kxd3 60. Rxa3+ Kd4 61. Kd1) 59... Re2+ (59... a2 $142 60. Rxa2 Rxa2 61. Rd2 Rc2 62. Rxc2 Bxc2 63. Kf1 d4 64. Ke1 d3 65. Kf1 d2 66. Kg2 d1=Q 67. Kh3 Qg1 68. Kh4 Kf4 69. Kh5 Qh2#) 60. Kf1 $19 {Intending Rxd3+! and mate.} Rh2+ $2 ({Black should play} 60... a2 $19 {( -> ...Rd2+)} 61. Kg1 d4) 61. Kg1 $11 {The position is equal.} Rc2 {Hoping for ...a2.} 62. Re1+ Kd4 {Threatens to win with ...a2.} (62... Kd2 {keeps more tension.} 63. Red1+ Ke2 64. Re1+ Kd2) 63. Rxa3 Rc3 64. Raa1 Bc4 65. Rad1+ Kc5 66. Rd2 Rg3+ 67. Rg2 Rc3 68. Rd1 Kb4 69. Rdd2 Bb3 70. Kh2 Rc1 71. Rgf2 Rc4 72. Kg3 {[%mdl 32768] A wild game. Accuracy: White = 63%, Black = 59%. . Sensor Board Error (Ke4/e5)?} 1-0

[Event "Stay Safe Play From Home 358"]
[Site "Emanuel Lasker Arena"]
[Date "2020.08.05"]
[Round "3"]
[White "Uber_WING"]
[Black "NTBT_DHS"]
[Result "0-1"]
[WhiteElo "2319"]
[BlackElo "2617"]
[Annotator "TA"]
[PlyCount "168"]
[EventDate "2020.08.05"]
[EventType "swiss (blitz)"]

{[%evp 9,167,5,31,2,18,0,0,0,1,8,0,-58,0,9,-2,-2,37,33,62,29,36,38,19,28,36,-11,-6,-97,-89,-198,-117,-133,0,-2,125,135,125,110,125,-329,-46,-733,0,-659,0,0,0,-345,-295,-337,18,-368,-353,-358,-355,-381,-381,-381,-379,-375,-371,-357,-336,-337,-272,-306,-285,-318,-287,-290,-247,-553,-493,-1027,-1042,-1026,-920,-1017,-990,-1138,-929,-922,0,-1153,0,-779,0,-1135,-1100,-999,-8,-8,-8,-46,-46,-474,-447,-684,-670,-29962,-29960,-29979,-29966,-29980,-29979,-29981,-29982,-29984,-29985,-29985,-29986,-29989,-29985,-29985,-29985,-29988,0,-29992,-29986,-29991,-29985,-29985,-29986,-29989,-29987,-29992,-29989,-29990,-29988,-29989,-29989,-29989,0,-29994,-29995,-29996,-29994,-29994,-29994,-29993,-29994,-29994,-29995,-29995,-29996,-29997,-29997,-29997,-29997,-29998,-29997,-29998,-29997,-29998,-29998,-29998,-29998,-29998,-29999,-29999]} 1. e4 g6 2. Nc3 Bg7 3. g3 d6 4. Bg2 Nc6 5. d3 Nf6 6. Be3 {B06: Modern Defence.} O-O 7. h3 e5 8. Qd2 {The position is equal.} Nd4 9. Nge2 c5 10. Nd1 {[#]} (10. a4 $11) 10... Nh5 $146 (10... d5 $15) ({Predecessor:} 10... Be6 11. c3 Nc6 12. Bh6 d5 13. Bxg7 Kxg7 14. exd5 Bxd5 15. Ne3 Bxg2 16. Nxg2 Qd7 {1-0 (47) Vankon,A (1955)-Romanov,N (1587) St Petersburg 2019}) 11. c3 $11 Nxe2 12. Qxe2 f5 13. exf5 Bxf5 14. g4 {[%mdl 64] Double Attack} Nf4 $1 {[%cal Rf4e2]} 15. Bxf4 $1 exf4 16. gxf5 {Strongly threatening Kd2.} Re8 17. Bd5+ (17. Ne3 $5) 17... Kh8 18. Be6 (18. Ne3 $1 $11) 18... gxf5 $17 19. O-O (19. Kd2 $17 {might work better.}) 19... Qf6 (19... Qh4 $19 20. Kg2 Qg5+ 21. Kh2 Qh6) 20. Re1 Qh4 (20... Qh6 $17 21. Kg2 Re7) 21. Qf3 {Threatens to win with Kf1.} Re7 (21... Qh6 $11 {remains equal.} 22. Qxb7 Rab8) 22. d4 $1 $16 {[%cal Rd4d5]} cxd4 23. cxd4 Bxd4 24. Nc3 $2 {[%mdl 8192] [#]} (24. Re2 $1 $16 {is necessary to keep the advantage.}) 24... Rae8 $2 (24... Bxf2+ $1 $19 {[%mdl 512]} 25. Qxf2 Rg7+ 26. Kf1 Qxh3+ 27. Ke2 Rg2 $1 {[%mdl 512]} 28. Qxg2 Qxg2+ 29. Kd3 Re8) 25. Rad1 $2 {[%mdl 8192] [#]} (25. Kf1 $15 Rxe6 26. Rxe6 Rxe6 27. Ne2) 25... Bc5 $2 ({Better is} 25... Bxf2+ $1 $19 {[%mdl 512]} 26. Qxf2 Rg7+ 27. Kf1 Qxh3+ 28. Ke2 Rxe6+ 29. Kd2 Rg2 $1 {[%mdl 512]} 30. Rxe6 Rxf2+ 31. Kc1 f3 32. Rexd6 Rf1) 26. Nd5 $2 {[%mdl 8192]} (26. Kf1 $11 Rxe6 27. Rxe6 Rxe6 28. Nd5) 26... Rxe6 $2 (26... Rg7+ $19 27. Kf1 Bxf2 $1 {[%mdl 512]}) 27. Rxe6 $11 Rxe6 28. Qc3+ $2 {[%mdl 8192]} (28. Kf1 $11) 28... Re5 29. Qf3 Kg7 $2 (29... Qg3+ $1 $19 30. Qxg3 fxg3) 30. Kh1 $2 {[%mdl 8192]} (30. b4 $11 {and White is okay.} Bb6 31. Nxb6 axb6 32. Qxb7+ Qe7 33. Qxe7+ Rxe7 34. Rxd6) 30... Qxf2 31. Qxf2 Bxf2 32. Nxf4 Re1+ 33. Rxe1 Bxe1 $19 {[%mdl 4096] Endgame KB-KN} 34. Nd3 Ba5 35. Kg2 Kf6 36. Kf3 Kg5 37. b3 Bd2 38. Nf2 Bc3 39. Nd3 Be5 40. Nb4 $2 (40. Ne1) 40... Kh4 41. Nd5 (41. Kg2 $142 h5 42. Nc2) 41... Kxh3 42. Ne7 h5 43. Nxf5 h4 44. Nh6 Bg3 45. Ng4 Be5 $2 ({Black should play} 45... d5 $19 46. Ne3 d4) 46. Ne3 $2 {[%mdl 8192]} (46. Nh6 $11 Kh2 47. Nf7) 46... Bg3 $2 (46... Kh2 $19 47. Ng4+ Kg1) 47. Nf1 $2 {[%mdl 8192]} (47. Ng4 $11 d5 48. Nh6) 47... Be5 48. Ne3 Kh2 49. Nf5 Kg1 $2 (49... h3 $19 {...Kg1 is the strong threat.} 50. Kf2 d5) 50. Nxh4 $11 Kf1 {White must now prevent ...Ke1.} 51. Nf5 Ke1 {And now ...Kd1 would win.} 52. Ke4 $2 {[%mdl 8192] White is on the road to losing.} ({Only move:} 52. Ke3 $1 $15) 52... Kd2 $19 53. Ne3 (53. b4 $142 Kc3 54. b5) 53... Kc3 54. b4 Kxb4 55. a4 Ka3 56. Nd5 Kxa4 57. Nc7 b5 58. Ne6 b4 59. Kd3 b3 60. Nd4 Ka3 61. Ne2 Ka2 62. Nc3+ Ka3 $2 (62... Bxc3 63. Kc4 b2 64. Kxc3 b1=Q 65. Kd4 Qf5 66. Ke3 Kb2 67. Ke2 a5 68. Ke1 Kc3 69. Ke2 Qf4 70. Ke1 Kd3 71. Kd1 Qf1#) 63. Na4 $2 {[%mdl 8192]} (63. Ne2 $11 b2 64. Kc2) 63... b2 64. Nc3 Kb3 65. Nb1 Ka2 66. Nd2 a5 67. Nc4 a4 68. Nd2 a3 69. Ke2 Ka1 70. Nb3+ {[#]} Ka2 $2 (70... Kb1 $1 {mates} 71. Kd1 Ka2 72. Nd2 b1=Q+ 73. Ke2 {[#]} Qc2 $1 {[%mdl 512]} 74. Ke3 Kb2 75. Nf3 a2 76. Ne1 Qf5 77. Nd3+ Kc3 78. Nf4 Qxf4+ 79. Ke2 Qg4+ 80. Kf2 Bd4+ 81. Kf1 a1=Q#) 71. Nc1+ $2 {[%mdl 8192]} (71. Nd2 $11 b1=Q {[%mdl 64] Promotion} 72. Nxb1 Kxb1 73. Kf3 a2 74. Ke4 a1=Q 75. Kd5 Qa8+ 76. Ke6 Qb7 77. Kf5 Qf7+ 78. Kg5 Qe6 79. Kh5 Bf4 80. Kh4 Qg6 81. Kh3 Qg3#) 71... bxc1=Q {Black mates.} 72. Kd3 Qb2 73. Ke4 Ka1 74. Kf5 Qc3 75. Ke6 Kb2 76. Kd7 a2 77. Ke8 a1=Q 78. Kf7 d5 79. Kg8 d4 80. Kh7 d3 81. Kg8 Qc6 82. Kh7 Bf4 83. Kg8 Qa7 {[%cal Rc6e8]} 84. Kh8 Qca8# {Accuracy: White = 45%, Black = 62%.} 0-1

[Event "Stay Safe Play From Home 358"]
[Site "Emanuel Lasker Arena"]
[Date "2020.08.05"]
[Round "3"]
[White "SelamiSahin"]
[Black "Stefanone"]
[Result "0-1"]
[WhiteElo "2141"]
[BlackElo "1948"]
[Annotator "TA"]
[PlyCount "78"]
[EventDate "2020.08.05"]
[EventType "swiss (blitz)"]

{[%evp 11,78,23,23,23,36,24,15,17,28,29,31,10,25,17,25,-12,-1,-5,-9,-27,-25,-51,-22,-145,-69,-70,-75,-80,-64,-60,-3,-103,-47,-60,-60,-100,27,18,66,51,57,82,72,23,60,-220,-235,-220,-109,-126,-120,-269,-155,-296,-276,-269,-247,-313,-220,-739,-787,-988,-988,-5522,-2012,-29993,-29994,-29998,-29999]} 1. d4 d5 2. c4 c6 3. Nc3 e6 4. Nf3 f5 5. g3 Nf6 6. Bg2 Bd6 7. O-O {A90: Dutch Defence: Miscellaneous and Modern Stonewall (with ...Bd6).} Qe7 8. e3 O-O 9. b3 {The position is equal.} Ne4 10. Bb2 Nd7 11. Nd2 {[%cal Rc3e4] [#]} Nef6 $146 ({Predecessor:} 11... Nxd2 12. Qxd2 Nf6 13. Rfe1 g5 14. f3 g4 15. f4 h5 16. c5 Bc7 17. b4 h4 {0-1 (31) Thorsteinsson,T (2273)-Wang,K (2442) Reykjavik 2019}) 12. f3 e5 13. Re1 e4 14. cxd5 cxd5 15. fxe4 dxe4 16. a3 Qf7 17. b4 {[#]} (17. Nc4 $11 {remains equal.} Be7 18. Rc1) 17... Be7 (17... Nb6 $1 $17 18. Nb5 Be7) 18. Qb3 $15 Nb6 19. Qxf7+ Rxf7 20. Rac1 {[%cal Ba1c1,Bc1c7,Bc7b7][%mdl 32]} Be6 (20... g6 $15) 21. Ne2 (21. Bh3 $1 $11) 21... Rd8 (21... Nfd5 $17 22. Nc3 Nxc3 23. Bxc3 Bg5) 22. Nf4 Bd7 23. Rc7 Nbd5 ({Black should try} 23... g5 $17 24. Nh3 Nfd5) 24. Rxb7 $11 Bc6 25. Rxa7 Nxf4 26. gxf4 Nd5 {[#] aiming for ...Bh4.} 27. Nf1 Bh4 28. Rc1 $2 {[%mdl 8192]} (28. Rxf7 $14 {was forced to keep a grip.} Kxf7 29. Ng3) 28... Rxa7 $19 29. Rxc6 Rad7 (29... Raa8 $19 {and Black stays clearly on top.} 30. Bh3 g6) 30. Bh3 g6 31. b5 (31. Bc1 $17) 31... Be7 (31... Rb8 $19 32. a4 Ra7) 32. a4 (32. Nd2 $17 {is a better defense.}) 32... Ra8 33. Nd2 Rxa4 ({Don't play} 33... Nxe3 34. Nxe4 Rxa4 35. b6 $19) 34. Bf1 Ra2 35. Bc4 $2 (35. Nc4) 35... Rxb2 36. b6 Rxd2 37. b7 Rxb7 {( -> ...Rb1+)} 38. Rc8+ Kg7 39. Bxd5 Rb1+ {Accuracy: White = 41%, Black = 51%.} 0-1